000 00497nam a22001697a 4500
003 LK-CoDNM
005 20251112140622.0
008 251112b |||||||| |||| 00| 0 eng d
020 _a9786240024143
040 _aLK-CoDNM
_dLK-CoDNM
_eLK-CoDNM
080 _aX8C1
_bSUS
100 _aසුසිල හිමි,වඳුරඹ
245 _aකළු පැල්ලම් කාව්‍ය සංග්‍රහය
260 _acolombo
_bgodage
_c2024
300 _a72p,21cm
942 _cBK
999 _c240339
_d240339